[Event "Chernonograd Katsan Memorial 2nd"]
[White "Tymchyshyn, Iryna"]
[Black "Karpinets, Andrian"]
[Site "Chernonograd"]
[Round "6"]
[Result "0-1"]
[Date "2023.01.22"]
[WhiteElo "1260"]
[BlackElo "1450"]
[PlyCount "82"]
[EventDate "2023.01.22"]
[EventType "swiss"]
[EventRounds "9"]
[EventCountry "UKR"]
[SourceTitle "CBM 212 Extra"]
[Source "ChessBase"]
[SourceDate "2023.03.31"]
[SourceVersion "1"]
[SourceVersionDate "2023.03.31"]
[SourceQuality "1"]

1. e4 c5 2. Nc3 Nc6 3. d3 e6 4. Be3 d5 5. exd5 exd5 6. d4 cxd4 7. Bxd4 Be6 8. Nge2 Nf6 9. g3 Be7 10. Bg2 0-0 11. Bxf6 Bxf6 12. Bxd5 Bxd5 13. Qxd5 Bxc3+ 14. Nxc3 Re8+ 15. Kf1 Qf6 16. Kg2 Rad8 17. Qc4 Ne5 18. Qf4 Qc6+ 19. Qe4 Qb6 20. Rad1 Nc4 21. Qxc4 Rc8 22. Qb3 Qc6+ 23. Qd5 Qb6 24. Rhe1 Red8 25. Qb3 Qc6+ 26. Kg1 Rf8 27. Re3 h5 28. Rde1 h4 29. Qb5 Qh6 30. Qxb7 hxg3 31. Rxg3 g6 32. Qf3 Kg7 33. Ne4 Rh8 34. h3 Rc6 35. c3 Re6 36. Re3 Rb6 37. b3 Qh4 38. Qg4 Qd8 39. h4 Rxh4 40. Qg5 Qd1+ 41. Kg2 Qh1# 0-1

[Event "Sosnivka Christmas op"]
[White "Tymchyshyn, Iryna"]
[Black "Pikh, Matviy"]
[Site "Sosnivka"]
[Round "5"]
[Result "0-1"]
[Date "2023.01.15"]
[WhiteElo "1167"]
[BlackElo "1446"]
[PlyCount "112"]
[EventDate "2023.01.13"]
[EventType "swiss"]
[EventRounds "9"]
[EventCountry "UKR"]
[SourceTitle "EXT 2024"]
[Source "ChessBase"]
[SourceDate "2023.10.10"]
[SourceVersion "1"]
[SourceVersionDate "2023.10.10"]
[SourceQuality "1"]

1. e4 c5 2. Nf3 Nc6 3. d4 cxd4 4. Nxd4 e5 5. Nb5 d6 6. c4 a6 7. N5c3 Be6 8. Be3 Nge7 9. Be2 g6 10. 0-0 f5 11. f3 f4 12. Bf2 g5 13. Nd5 Bxd5 14. cxd5 Nb8 15. Nc3 Nd7 16. Qd2 h5 17. Rfd1 Ng6 18. Bf1 g4 19. Qe2 Nf6 20. g3 b5 21. a3 Be7 22. Bg2 Qd7 23. Rac1 Rc8 24. Kf1 Nh7 25. Ke1 Ng5 26. Kd2 gxf3 27. Bxf3 Nxf3+ 28. Qxf3 Bg5 29. gxf4 exf4 30. Rg1 Ne5 31. Qh1 Qh3 32. Ne2 Qd3+ 33. Ke1 Rxc1+ 34. Nxc1 Nf3+ 35. Qxf3 Qxf3 36. Rxg5 Qxe4+ 37. Kd2 b4 38. Nd3 bxa3 39. bxa3 Qa4 40. Rf5 Rf8 41. Rxh5 Qxa3 42. Rh4 Qa2+ 43. Ke1 Rf7 44. Rh8+ Kd7 45. Rh4 Re7+ 46. Kf1 Qe2+ 47. Kg2 Qxd3 48. Rxf4 Qxd5+ 49. Kf1 Qd1+ 50. Kg2 Rg7+ 51. Bg3 Qd2+ 52. Kh3 a5 53. Rf2 Qd5 54. Rf4 Rh7+ 55. Bh4 a4 56. Rxa4 Qf3# 0-1

[Event "Sosnivka Christmas op"]
[White "Tymchyshyn, Iryna"]
[Black "Tsertsvadze, Anatoliy"]
[Site "Sosnivka"]
[Round "1"]
[Result "1-0"]
[Date "2023.01.15"]
[WhiteElo "1167"]
[BlackElo "1733"]
[PlyCount "59"]
[EventDate "2023.01.13"]
[EventType "swiss"]
[EventRounds "9"]
[EventCountry "UKR"]
[SourceTitle "EXT 2024"]
[Source "ChessBase"]
[SourceDate "2023.10.10"]
[SourceVersion "1"]
[SourceVersionDate "2023.10.10"]
[SourceQuality "1"]

1. e4 e6 2. d4 d5 3. e5 c5 4. c3 Qb6 5. Nf3 Nc6 6. a3 c4 7. Nbd2 Na5 8. g3 Bd7 9. Bg2 Ne7 10. 0-0 Nb3 11. Nxb3 cxb3 12. Be3 Ba4 13. Re1 Nf5 14. Bh3 Nxe3 15. fxe3 Be7 16. Bf1 h5 17. h4 Rh6 18. Kf2 0-0-0 19. Rc1 Kb8 20. Nd2 f6 21. Nf3 g5 22. exf6 Rxf6 23. hxg5 Rg6 24. Bd3 Rxg5 25. Nxg5 Bxg5 26. Qxh5 Rf8+ 27. Kg2 Qd8 28. Rf1 Bxe3 29. Qe5+ Qc7 30. Rxf8+ 1-0